000 00527cam a22001337a 4500
008 180718b1999 xxu||||| |||| 00| 0 eng d
082 _aA81x54 91/9/PT12A&B/SO
100 _aCensus of India 1991
245 _aHimachal Pradesh district census handbook, Solan: village and town directory, village and townwise primary census abstract
260 _aShimla
_bController, Printing and Stationery
_c1999
300 _a643+p.
440 _aCensus of India 1991. Series-9, Himachal Pradesh. Part XII - A & B
650 _aSolan - Census
999 _c481137
_d481137